MARC
| LEADER | 00000nam a2200000Ia 4500 | ||
|---|---|---|---|
| 008 | 170316s9999 xx 000 0 und d | ||
| 040 | |a cru BVZT | ||
| 090 | |a A-840 G-1L | ||
| 100 | |a Gaillard, Pol | ||
| 245 | |a Le mal: de Blaise a Boris Vian | ||
| 260 | |a París, Francia | ||
| 260 | |b Bordas | ||
| 260 | |c 1971 | ||
| 300 | |a 257 páginas | ||
| 650 | |a LITERATURA FRANCESA | ||
| 650 | |a ANTOLOGÍA | ||
| 999 | |c 12416 |d 12416 | ||
| 942 | |c 15 D |h A-840 G-1L |2 z | ||
